Frontiers of research in economic theory : (Record no. 1443)
[ view plain ]
| 000 -LEADER | |
|---|---|
| fixed length control field | 01957cam a2200253 a 4500 |
| 020 ## - INTERNATIONAL STANDARD BOOK NUMBER | |
| ISBN | 0521632226 |
| 020 ## - INTERNATIONAL STANDARD BOOK NUMBER | |
| ISBN | 0521635381 (pbk.) |
| 022 ## - INTERNATIONAL STANDARD SERIAL NUMBER | |
| ISSN | 9780521632225 |
| 050 00 - CALL NUMBER | |
| Classification number | HB171 |
| Item number | .F783 1998 |
| 100 ## - AUTHOR | |
| Personal name | Donald P. Jacobs |
| 245 00 - TITLE | |
| Title | Frontiers of research in economic theory : |
| Remainder of title | the Nancy L. Schwartz Memorial Lectures, 1983-1997 / |
| Statement of responsibility, etc | edited by Donald P. Jacobs, Ehud Kalai, Morton I. Kamien. |
| 260 ## - PUBLICATION INFORMATION | |
| Place of publication | Cambridge, U.K. ; |
| -- | New York : |
| Name of publisher | Cambridge University Press, |
| Year of publication | 1998. |
| 300 ## - DESCRIPTION | |
| Number of Pages | xxv, 274 p. : |
| Other physical details | ill. ; |
| Dimensions | 24 cm. |
| 440 #0 - SERIES | |
| SERIES | Econometric Society monographs ; |
| 500 ## - NOTES | |
| General note | "Include[s] the lectures previously published by the Kellogg school in pamphlet form between 1983 and 1991, and again between 1993 and 1997, in the Econometric Society Monograph series"--P. [ix]. |
| 505 ## - FORMATTED CONTENTS NOTE | |
| Table of Content | Economics of incentives : an introductory account / Hugo Sonnenschein --<br/>On the theory of perfect competition / Andreu Mas-Colell --<br/>On the role of "Dutch books" in the theory of choice under risk / Menahem E. Yaari --<br/>Rationality and bounded rationality / Robert J. Aumann --<br/>On the mechanics of economic development / Robert E. Lucas, Jr. --<br/>Knightian uncertainty / Truman F. Bewley --<br/>Evolution, learning, and economic behavior / Reinhard Selten --<br/>Experimental economics : behavioral lessons for microeconomic theory and policy / Vernon L. Smith --<br/>Habits, addictions and traditions / Gary S. Becker --<br/>Issues in social insurance / Peter A. Diamond --<br/>Negotiation with private information : litigation and strikes / Robert B. Wilson --<br/>Economic survival / Roy Radner --<br/>Shirtsleeves to shirtsleeves : the economics of social mobility / Nancy L. Stokey --<br/>Anticipated utility and dynamic choice / David M. Kreps. |
| 650 #0 - SUBJECTS | |
| Topical Term | Economics. |
| 700 1# - OTHER AUTHORS | |
| Personal name | Schwartz, Nancy Lou. |
| 700 1# - OTHER AUTHORS | |
| Personal name | Jacobs, Donald P. |
| 700 1# - OTHER AUTHORS | |
| Personal name | Kalai, Ehud, |
| 700 1# - OTHER AUTHORS | |
| Personal name | Kamien, Morton I. |
| 710 2# - OTHER AUTHORS | |
| OTHER AUTHORS | J.L. Kellogg Graduate School of Management. |
| 942 ## - ADDED ENTRY ELEMENTS (KOHA) | |
| Koha item type | Books |
| Withdrawn status | Lost status | Collection code | Home library | Current library | Shelving location | Date acquired | Full call number | Accession Number | Copy number | Koha item type |
|---|---|---|---|---|---|---|---|---|---|---|
| Reference | Methodist University Library Main | Methodist University Library Main | General Stacks | 13/12/2017 | HB171 .F783 1998 | 11090 | 1 | Books |